000 00296nmm a2200097Ia 4500
008 220120s9999||||xx |||||||||||||||||und||
082 _a621.382 KEH
100 _aKehtararnavaz, Nasser and Kim, Namjin
_96060
245 0 _aDigital signal processing system level design using Lab VIEW
260 _c2005
999 _c139274
_d139274